Online
Catalog

Bananos / (Record no. 9154)

MARC details
000 -CABECERA
campo de control de longitud fija 00789nam a2200265 a 4500
001 - NÚMERO DE CONTROL
campo de control 000009394
005 - FECHA Y HORA DE LA ÚLTIMA TRANSACCIÓN
campo de control 20200929161559.0
008 - DATOS DE LONGITUD FIJA--INFORMACIÓN GENERAL
campo de control de longitud fija 890408s1985 nq 000 1 spa
010 ## - NÚMERO DE CONTROL DE LA BIBLIOTECA DEL CONGRESO
Número de control de LC 86106149
040 ## - FUENTE DE LA CATALOGACIÓN
Centro catalogador/agencia de origen DO-SdBNP
Centro/agencia transcriptor DLC
Centro/agencia modificador BNPHU
043 ## - CÓDIGO DE ÁREA GEOGRÁFICA
Código de área geográfica nc-----
082 ## - NÚMERO DE LA CLASIFICACIÓN DECIMAL DEWEY
Número de clasificación N863.42
Número de documento/Ítem Q7b
049 ## - FONDOS LOCALES (OCLC)
Fondos de biblioteca BNGR
100 1# - ENTRADA PRINCIPAL--NOMBRE DE PERSONA
Nombre de persona Quintana, Emilio.
9 (RLIN) 24178
245 10 - MENCIÓN DE TÍTULO
Título Bananos /
Mención de responsabilidad, etc. Emilio Quintana.
260 ## - PUBLICACIÓN, DISTRIBUCIÓN, ETC.
Lugar de publicación, distribución, etc. Managua, Nicaragua :
Nombre del editor, distribuidor, etc. Editorial Nueva Nicaragua,
Fecha de publicación, distribución, etc. 1985.
300 ## - DESCRIPCIÓN FÍSICA
Extensión 132 p. ;
Dimensiones 19 cm.
490 1# - MENCIÓN DE SERIE
Mención de serie Letras de Nicaragua
Designación de volumen o secuencia 12
500 ## - NOTA GENERAL
Nota general "Relatos"--P. [4], cover.
500 ## - NOTA GENERAL
Nota general First published in 1942.
650 #4 - PUNTO DE ACCESO ADICIONAL DE MATERIA--TÉRMINO DE MATERIA
Término de materia o nombre geográfico como elemento de entrada Novela nicaraguense
9 (RLIN) 22434
650 #4 - PUNTO DE ACCESO ADICIONAL DE MATERIA--TÉRMINO DE MATERIA
Término de materia o nombre geográfico como elemento de entrada Literatura nicaraguense
9 (RLIN) 8180
830 #0 - PUNTO DE ACCESO ADICIONAL DE SERIE-TÍTULO UNIFORME
Título uniforme Letras de Nicaragua ;
Designación de volumen o secuencia 12.
9 (RLIN) 8119
910 ## - DATOS DE OPCIÓN DEL USUARIO (OCLC)
Datos de opción del usuario Catalogación por copia / LC
Holdings
Estado de retiro Estado de pérdida Restricciones de uso No para préstamo Código de colección Localización permanente Ubicación/localización actual Ubicación en estantería Fecha de adquisición Número de inventario Total de préstamos Signatura topográfica completa Código de barras Fecha visto por última vez Precio válido a partir de Tipo de ítem Koha Número de copia
      Excluido de préstamo Monografías: Libros y Folletos General General Depósito 29.09.2009 LF1   N863.42 Q7b 9394-10 25.06.2020 25.06.2020 No se presta  
  Extraviado   Excluido de préstamo Monografías: Libros y Folletos General General Extraviado 22.05.2017 LF1   N863.42 Q7b 9394-20 25.06.2020 25.06.2020 No se presta e. 2

Powered by Koha